00512nam a2200157Ia 4500003000400000005001700004008004100021040001800062041000800080082001500088100005400103245011400157260002300271600003000294650003000324OSt20260328090943.0211028s2009 xx 000 0 und d cAIMIT LIBRARY aeng a658.3 KUDR aKudtarakar, Rajeshwari G P: Dhananjaya K.g716099 aA study on capital bugeting and decision making with reference to telcon construction equipment company ltd / bDhananjaya Kc2009 aHuman Resource Management aHuman Resource Management